The solar system : (Record no. 9506)

MARC details
000 -LEADER
fixed length control field 00814nam a22002777a 4500
001 - CONTROL NUMBER
control field 9506
003 - CONTROL NUMBER IDENTIFIER
control field FISKH
005 - DATE AND TIME OF LATEST TRANSACTION
control field 20260115163123.0
008 - FIXED-LENGTH DATA ELEMENTS--GENERAL INFORMATION
fixed length control field 260115b cb ||||| |||| 00| 0 eng d
020 ## - INTERNATIONAL STANDARD BOOK NUMBER
International Standard Book Number 9780545007290
040 ## - CATALOGING SOURCE
Original cataloging agency FISKH
Language of cataloging eng
Transcribing agency FISKH
Modifying agency FISKH
050 ## - LIBRARY OF CONGRESS CALL NUMBER
Classification number QB501.3 .B388
082 ## - DEWEY DECIMAL CLASSIFICATION NUMBER
Classification number 523.2
100 ## - MAIN ENTRY--PERSONAL NAME
Personal name Bauer, Jeff
Relator term Author
245 ## - TITLE STATEMENT
Title The solar system :
Remainder of title Science vocabulary readers /
Statement of responsibility, etc. Jeff Bauer
260 ## - PUBLICATION, DISTRIBUTION, ETC.
Place of publication, distribution, etc. New York :
Name of publisher, distributor, etc. Scholastic Inc. ,
Date of publication, distribution, etc. 2007
300 ## - PHYSICAL DESCRIPTION
Extent 16 pages :
Other physical details photographs ;
Dimensions 23 cm
505 ## - FORMATTED CONTENTS NOTE
Formatted contents note N<br/>
520 ## - SUMMARY, ETC.
Summary, etc. The solar system is our neighborhood in space. Open this book to take a tour!.<br/>
521 8# - TARGET AUDIENCE NOTE
Target audience note 550<br/>
Source Lexile<br/>
521 8# - TARGET AUDIENCE NOTE
Target audience note N<br/>
Source Raz-Plus<br/>
650 ## - SUBJECT ADDED ENTRY--TOPICAL TERM
Topical term or geographic name entry element Astronomy
Form subdivision Solar system
650 ## - SUBJECT ADDED ENTRY--TOPICAL TERM
Topical term or geographic name entry element Earth and sky
Form subdivision Space
942 ## - ADDED ENTRY ELEMENTS (KOHA)
Source of classification or shelving scheme Dewey Decimal Classification
Koha item type Books
Suppress in OPAC No
Holdings
Withdrawn status Lost status Source of classification or shelving scheme Damaged status Not for loan Collection Home library Current library Shelving location Date acquired Total Checkouts Full call number Barcode Date last seen Copy number Price effective from Koha item type
    Dewey Decimal Classification     Non-Fiction Footprints International School Library Network Toul Tom Poung Campus Footprints International School Library Network Toul Tom Poung Campus TTP Primary Yellow Bookshelves 01/15/2026   BAU 523.2 QB501.3 .B388 FISTK00667 01/15/2026 1 01/15/2026 Books